000 003030000a22001330004500
041 0 _aENG
082 0 4 _aG 230.4 Bow
100 1 _aBowden, John (1751-1817)
245 1 0 _aKarl Barth : Theologian / John Bowden
260 _aTottenham Road, London : SCM
300 _a119 Pag
001 3658
942 _cBK
999 _c34303
_d34303